Bundesliga-Mannschaften 2021-22 - Statistiken

Allgemein
  • Dieses Quiz wurde 148 mal gespielt
  • Das Durchschnittsergebnis liegt bei 17 aus 18
Antwortstatistiken
Antwort % Korrekt
Borussia Dortmund
99%
Bayern München
98%
Eintracht Frankfurt
95%
Hertha BSC
95%
RB Leipzig
95%
1. FC Köln
94%
Bayer Leverkusen
94%
VfL Wolfsburg
93%
SC Freiburg
92%
Union Berlin
92%
FC Augsburg
91%
Borussia Mönchengladbach
90%
Mainz 05
90%
VfB Stuttgart
90%
VfL Bochum
88%
1899 Hoffenheim
86%
Arminia Bielefeld
85%
Greuther Fürth
82%
Keine übereinstimmenden Quizze gefunden
Verteilung der Resultate
Anzahl Personen mit jedem Resultat
Perzentil nach korrekt beantworteten Fragen
Ihre Resultats-Entwicklung
Sie haben dieses Quiz noch nicht gespielt